| 000 | 00661 a2200205 4500 | ||
|---|---|---|---|
| 005 | 20250306164834.0 | ||
| 010 | _aENG-143946 | ||
| 020 |
_a9789394914032 _c750.00 |
||
| 035 | _aEN-127478 | ||
| 037 | _bDBAD | ||
| 082 | 1 | 4 | _a701.170820954 |
| 100 | 1 |
_aAgrawal, V.S. _979360 |
|
| 245 | 1 |
_aStudies in Indian Art/ _cby V.S. Agrawal |
|
| 250 | _a3 | ||
| 260 |
_aVaranasi _bVishwavidyalaya Prakashan _c2023 |
||
| 270 |
_aChowk, _bVaranasi _cVaranasi _e221001 _k0542-2413082, 2413741 _mwww.vvpbooks.com |
||
| 300 |
_axiv,288p.; _c25 cm. (Hb) |
||
| 500 | _aIncludes bibliographical references & index. | ||
| 942 |
_adpl _cEN _2ddc _h701.170820954 _mAGR |
||
| 999 |
_c210142 _d210142 |
||